000 00406nam a22001697a 4500
005 20180413122738.0
008 160613b xxu||||| |||| 00| 0 eng d
020 _a81-87567-79-1
041 _aeng
082 _b7238
_a346.07
100 _aSen, Arun Kumar & Mitra, Jitendra Kumar
_91793
245 _aCommercial Law
260 _bWorld Press
300 _a884
650 _aManagement
_9241
942 _cBK
999 _c2518
_d2517